[Event "ODJM C 2023"]
[Site "Willingen GER"]
[Date "2023.05.29"]
[Round "3"]
[White "Neumeier, Leonhard"]
[Black "Weinberger, Maxim"]
[Result "1/2-1/2"]
[Termination "normal"]
[Board "11"]
[WhiteElo "1219"]
[BlackElo "1310"]
[WhiteClock "00:40:00"]
[BlackClock "01:16:51"]
[PlyCount "80"]
[WhiteFideId "34650822"]
[BlackFideId "16290330"]
[EventCountry "GER"]
[EventRounds "9"]
[EventType "swiss"]
[EventDate "2023.05.27"]

1. e4 {[%clk 01:30:56]} {[%emt 00:00:01]} e5 {[%clk 01:30:56]} {[%emt
00:00:06]} 2. Nf3 {[%clk 01:31:15]} {[%emt 00:00:10]} Nc6 {[%clk 01:31:10]}
{[%emt 00:00:17]} 3. Bc4 {[%clk 01:31:14]} {[%emt 00:00:31]} Nf6 {[%clk
01:30:55]} {[%emt 00:00:45]} 4. Ng5 {[%clk 01:31:05]} {[%emt 00:00:39]} d5
{[%clk 01:30:53]} {[%emt 00:00:32]} 5. exd5 {[%clk 01:30:55]} {[%emt 00:00:40]}
Na5 {[%clk 01:30:49]} {[%emt 00:00:34]} 6. Bb5+ {[%clk 01:30:45]} {[%emt
00:00:40]} c6 {[%clk 01:30:44]} {[%emt 00:00:34]} 7. dxc6 {[%clk 01:29:18]}
{[%emt 00:01:58]} bxc6 {[%clk 01:30:04]} {[%emt 00:01:11]} 8. Be2 {[%clk
01:27:16]} {[%emt 00:02:32]} h6 {[%clk 01:28:46]} {[%emt 00:01:47]} 9. Nf3
{[%clk 01:26:14]} {[%emt 00:01:32]} e4 {[%clk 01:28:29]} {[%emt 00:00:48]} 10.
Ne5 {[%clk 01:25:55]} {[%emt 00:00:49]} Bd6 {[%clk 01:28:28]} {[%emt 00:00:30]}
11. d4 {[%clk 01:25:52]} {[%emt 00:00:33]} exd3 {[%clk 01:28:43]} {[%emt
00:00:15]} 12. Nxd3 {[%clk 01:25:31]} {[%emt 00:00:51]} O-O {[%clk 01:26:24]}
{[%emt 00:02:49]} 13. O-O {[%clk 01:23:00]} {[%emt 00:03:01]} Re8 {[%clk
01:24:26]} {[%emt 00:02:28]} 14. Nc3 {[%clk 01:21:36]} {[%emt 00:01:55]} Nc4
{[%clk 01:24:15]} {[%emt 00:00:40]} 15. b3 {[%clk 01:21:08]} {[%emt 00:00:58]}
Ne5 {[%clk 01:24:20]} {[%emt 00:00:25]} 16. Nxe5 {[%clk 01:19:40]} {[%emt
00:01:58]} Bxe5 {[%clk 01:24:29]} {[%emt 00:00:22]} 17. Bb2 {[%clk 01:14:56]}
{[%emt 00:05:14]} Bf5 {[%clk 01:23:10]} {[%emt 00:01:48]} 18. Rb1 {[%clk
01:13:45]} {[%emt 00:01:41]} Ne4 {[%clk 01:21:38]} {[%emt 00:02:02]} 19. Nxe4
{[%clk 01:11:58]} {[%emt 00:02:17]} Bxe4 {[%clk 01:21:17]} {[%emt 00:00:52]}
20. h3 {[%clk 01:10:56]} {[%emt 00:01:32]} Qg5 {[%clk 01:20:15]} {[%emt
00:01:31]} 21. Bf3 {[%clk 01:09:07]} {[%emt 00:02:19]} Rad8 {[%clk 01:20:09]}
{[%emt 00:00:37]} 22. Qe2 {[%clk 01:07:34]} {[%emt 00:02:02]} Bxf3 {[%clk
01:19:53]} {[%emt 00:00:46]} 23. Qxf3 {[%clk 01:07:25]} {[%emt 00:00:39]} Bxb2
{[%clk 01:20:13]} {[%emt 00:00:11]} 24. Rxb2 {[%clk 01:07:20]} {[%emt
00:00:35]} Qd5 {[%clk 01:20:29]} {[%emt 00:00:14]} 25. c4 {[%clk 01:05:44]}
{[%emt 00:02:05]} Qxf3 {[%clk 01:20:05]} {[%emt 00:00:54]} 26. gxf3 {[%clk
01:06:04]} {[%emt 00:00:10]} Rd3 {[%clk 01:19:53]} {[%emt 00:00:41]} 27. Kg2
{[%clk 01:05:59]} {[%emt 00:00:36]} Re6 {[%clk 01:20:12]} {[%emt 00:00:10]} 28.
f4 {[%clk 01:00:57]} {[%emt 00:05:33]} Re4 {[%clk 01:17:56]} {[%emt 00:02:46]}
29. f3 {[%clk 00:57:17]} {[%emt 00:04:10]} Rxf4 {[%clk 01:18:16]} {[%emt
00:00:10]} 30. Rff2 {[%clk 00:57:18]} {[%emt 00:00:29]} a5 {[%clk 01:17:35]}
{[%emt 00:01:12]} 31. Rbd2 {[%clk 00:57:16]} {[%emt 00:00:32]} Rfd4 {[%clk
01:17:40]} {[%emt 00:00:24]} 32. Rxd3 {[%clk 00:57:00]} {[%emt 00:00:46]} Rxd3
{[%clk 01:18:05]} {[%emt 00:00:06]} 33. Kg3 {[%clk 00:56:57]} {[%emt 00:00:33]}
g5 {[%clk 01:18:08]} {[%emt 00:00:27]} 34. Kg4 {[%clk 00:52:15]} {[%emt
00:05:09]} Kg7 {[%clk 01:18:28]} {[%emt 00:00:13]} 35. f4 {[%clk 00:43:38]}
{[%emt 00:09:06]} Rd4 {[%clk 01:16:32]} {[%emt 00:02:26]} 36. Kf5 {[%clk
00:42:23]} {[%emt 00:01:45]} gxf4 {[%clk 01:16:22]} {[%emt 00:00:40]} 37. Rxf4
{[%clk 00:39:41]} {[%emt 00:03:12]} Rxf4+ {[%clk 01:16:44]} {[%emt 00:00:08]}
38. Kxf4 {[%clk 00:40:00]} {[%emt 00:00:11]} Kf6 {[%clk 01:16:51]} {[%emt
00:00:24]} 39. a3 {[%clk 00:40:16]} {[%emt 00:00:14]} c5 {[%clk 01:16:36]}
{[%emt 00:00:44]} 40. h4 {[%clk 00:40:00]} {[%emt 00:00:46]} h5 {[%clk
01:16:51]} {[%emt 00:00:15]} 1/2-1/2

[Event "ODJM C 2023"]
[Site "Willingen GER"]
[Date "2023.05.29"]
[Round "3"]
[White "Wissing, Lars"]
[Black "Löffelholz, Simon"]
[Result "1-0"]
[Termination "normal"]
[Board "12"]
[WhiteElo "1128"]
[BlackElo "1264"]
[WhiteClock "00:41:19"]
[BlackClock "00:55:52"]
[PlyCount "65"]
[WhiteFideId "34660593"]
[BlackFideId "34623620"]
[EventCountry "GER"]
[EventRounds "9"]
[EventType "swiss"]
[EventDate "2023.05.27"]

1. d4 {[%clk 01:30:58]} Nf6 {[%clk 01:30:51]} {[%emt 00:00:08]} 2. Nf3 {[%clk
01:31:21]} {[%emt 00:00:07]} g6 {[%clk 01:31:15]} {[%emt 00:00:07]} 3. h3
{[%clk 01:31:43]} {[%emt 00:00:08]} Bg7 {[%clk 01:31:34]} {[%emt 00:00:11]} 4.
Bf4 {[%clk 01:32:06]} {[%emt 00:00:06]} O-O {[%clk 01:31:54]} {[%emt 00:00:10]}
5. e3 {[%clk 01:32:31]} {[%emt 00:00:05]} d6 {[%clk 01:32:18]} {[%emt
00:00:06]} 6. Nbd2 {[%clk 01:32:24]} {[%emt 00:00:37]} Nbd7 {[%clk 01:32:38]}
{[%emt 00:00:11]} 7. c3 {[%clk 01:32:33]} {[%emt 00:00:21]} b6 {[%clk
01:31:43]} {[%emt 00:01:24]} 8. Qb3 {[%clk 01:30:54]} {[%emt 00:02:09]} Bb7
{[%clk 01:31:19]} {[%emt 00:00:55]} 9. Bc4 {[%clk 01:30:06]} {[%emt 00:01:16]}
Nh5 {[%clk 01:31:22]} {[%emt 00:00:28]} 10. Bh2 {[%clk 01:30:20]} {[%emt
00:00:16]} e5 {[%clk 01:31:21]} {[%emt 00:00:32]} 11. e4 {[%clk 01:25:54]}
{[%emt 00:04:55]} Kh8 {[%clk 01:30:18]} {[%emt 00:01:33]} 12. O-O {[%clk
01:24:06]} {[%emt 00:02:16]} f5 {[%clk 01:26:51]} {[%emt 00:03:59]} 13. Rfe1
{[%clk 01:22:39]} {[%emt 00:01:54]} f4 {[%clk 01:26:08]} {[%emt 00:01:16]} 14.
Bd5 {[%clk 01:17:45]} {[%emt 00:05:24]} c6 {[%clk 01:24:10]} {[%emt 00:02:30]}
15. Be6 {[%clk 01:14:40]} {[%emt 00:03:32]} Qe7 {[%clk 01:23:21]} {[%emt
00:01:21]} 16. Rad1 {[%emt 00:03:44]} Rae8 {[%clk 01:22:45]} {[%emt 00:01:02]}
17. Bxd7 {[%clk 01:10:25]} {[%emt 00:01:35]} Qxd7 {[%clk 01:23:04]} {[%emt
00:00:11]} 18. Nc4 {[%clk 01:08:57]} {[%emt 00:01:58]} d5 {[%clk 01:14:14]}
{[%emt 00:09:20]} 19. Ncxe5 {[%clk 01:08:08]} {[%emt 00:01:18]} Qc8 {[%clk
01:10:05]} {[%emt 00:04:39]} 20. Rc1 {[%clk 01:04:09]} {[%emt 00:04:30]} c5
{[%clk 01:08:29]} {[%emt 00:02:05]} 21. exd5 {[%clk 01:00:49]} {[%emt
00:03:50]} Bxe5 {[%clk 01:07:20]} {[%emt 00:01:40]} 22. dxe5 {[%clk 00:56:15]}
{[%emt 00:05:04]} c4 {[%clk 01:06:39]} {[%emt 00:01:11]} 23. Qb5 {[%clk
00:55:43]} {[%emt 00:01:00]} a6 {[%clk 01:05:57]} {[%emt 00:01:14]} 24. Qxb6
{[%clk 00:55:02]} {[%emt 00:01:10]} Bxd5 {[%clk 01:06:05]} {[%emt 00:00:22]}
25. Qd4 {[%clk 00:52:58]} {[%emt 00:02:30]} Kg8 {[%clk 01:03:33]} {[%emt
00:03:06]} 26. Qxd5+ {[%clk 00:51:08]} {[%emt 00:02:20]} Kg7 {[%clk 01:02:10]}
{[%emt 00:01:54]} 27. Qd4 {[%clk 00:49:17]} {[%emt 00:02:18]} Rd8 {[%clk
01:00:51]} {[%emt 00:01:52]} 28. e6+ {[%clk 00:47:14]} {[%emt 00:02:32]} Rf6
{[%clk 00:58:55]} {[%emt 00:02:23]} 29. Qa7+ {[%clk 00:46:09]} {[%emt
00:01:31]} Kh6 {[%clk 00:57:10]} {[%emt 00:02:22]} 30. Qe7 {[%clk 00:42:13]}
{[%emt 00:04:00]} Re8 {[%clk 00:56:55]} {[%emt 00:01:10]} 31. Qd7 {[%clk
00:42:19]} {[%emt 00:00:19]} Qa8 {[%clk 00:56:25]} {[%emt 00:01:06]} 32. Rcd1
{[%clk 00:41:06]} {[%emt 00:01:40]} Rd8 {[%clk 00:55:52]} {[%emt 00:01:06]} 33.
Qxd8 {[%clk 00:41:19]} {[%emt 00:00:17]} 1-0

[Event "ODJM C 2023"]
[Site "Willingen GER"]
[Date "2023.05.29"]
[Round "3"]
[White "Hendler, Maximilian"]
[Black "Börner, Eric"]
[Result "1-0"]
[Termination "normal"]
[Board "13"]
[WhiteElo "971"]
[BlackElo "1287"]
[WhiteClock "00:13:28"]
[BlackClock "00:51:42"]
[PlyCount "99"]
[WhiteFideId "34616500"]
[BlackFideId "34608362"]
[EventCountry "GER"]
[EventRounds "9"]
[EventType "swiss"]
[EventDate "2023.05.27"]

1. e4 {[%clk 01:30:57]} {[%emt 00:00:04]} e5 {[%clk 01:30:54]} {[%emt
00:00:04]} 2. Nf3 {[%clk 01:31:20]} {[%emt 00:00:07]} Nc6 {[%clk 01:31:17]}
{[%emt 00:00:06]} 3. Bc4 {[%clk 01:31:44]} {[%emt 00:00:08]} Bc5 {[%clk
01:31:40]} {[%emt 00:00:07]} 4. c3 {[%clk 01:32:07]} {[%emt 00:00:07]} Nf6
{[%clk 01:31:35]} {[%emt 00:00:35]} 5. d4 {[%clk 01:32:26]} {[%emt 00:00:11]}
exd4 {[%clk 01:31:57]} {[%emt 00:00:08]} 6. cxd4 {[%clk 01:32:51]} {[%emt
00:00:05]} Bb4+ {[%clk 01:32:23]} {[%emt 00:00:04]} 7. Bd2 {[%clk 01:33:07]}
{[%emt 00:00:14]} Bxd2+ {[%emt 00:00:17]} 8. Nbxd2 {[%clk 01:32:48]} {[%emt
00:00:38]} d5 {[%clk 01:31:26]} {[%emt 00:01:52]} 9. exd5 {[%clk 01:32:07]}
{[%emt 00:01:11]} Nxd5 {[%clk 01:31:46]} {[%emt 00:00:08]} 10. O-O {[%clk
01:31:51]} {[%emt 00:00:48]} O-O {[%clk 01:31:47]} {[%emt 00:00:28]} 11. Nb3
{[%clk 01:30:19]} {[%emt 00:02:02]} Bg4 {[%clk 01:30:16]} {[%emt 00:02:00]} 12.
h3 {[%clk 01:27:21]} {[%emt 00:03:29]} Bh5 {[%clk 01:28:28]} {[%emt 00:02:18]}
13. Be2 {[%clk 01:24:17]} {[%emt 00:03:33]} Nf4 {[%clk 01:23:01]} {[%emt
00:05:58]} 14. Bb5 {[%clk 01:20:53]} {[%emt 00:03:55]} Bxf3 {[%clk 01:22:08]}
{[%emt 00:01:22]} 15. Qxf3 {[%clk 01:20:42]} {[%emt 00:00:41]} Nxd4 {[%clk
01:21:31]} {[%emt 00:01:08]} 16. Nxd4 {[%clk 01:20:09]} {[%emt 00:01:02]} Qxd4
{[%clk 01:21:49]} {[%emt 00:00:12]} 17. Qxb7 {[%clk 01:19:00]} {[%emt
00:01:40]} Rab8 {[%clk 01:20:47]} {[%emt 00:01:32]} 18. Qc6 {[%clk 01:18:37]}
{[%emt 00:00:52]} Rb6 {[%clk 01:16:49]} {[%emt 00:04:30]} 19. Qc4 {[%clk
01:17:32]} {[%emt 00:01:34]} Qxc4 {[%clk 01:16:10]} {[%emt 00:01:10]} 20. Bxc4
{[%clk 01:17:40]} {[%emt 00:00:22]} Rxb2 {[%clk 01:16:26]} {[%emt 00:00:14]}
21. Rfb1 {[%clk 01:17:02]} {[%emt 00:01:08]} Rc2 {[%clk 01:13:11]} {[%emt
00:03:44]} 22. Bb3 {[%clk 01:12:45]} {[%emt 00:04:48]} Rd2 {[%clk 01:12:48]}
{[%emt 00:00:54]} 23. Re1 {[%clk 01:09:28]} {[%emt 00:03:46]} Nd3 {[%clk
01:11:19]} {[%emt 00:01:58]} 24. Red1 {[%clk 01:07:30]} {[%emt 00:02:28]} Rxd1+
{[%clk 01:09:33]} {[%emt 00:02:17]} 25. Rxd1 {[%clk 01:07:46]} {[%emt
00:00:14]} Nc5 {[%clk 01:08:52]} {[%emt 00:01:11]} 26. Bc4 {[%clk 01:06:13]}
{[%emt 00:02:03]} g6 {[%clk 01:07:15]} {[%emt 00:02:07]} 27. Rd5 {[%clk
01:05:16]} {[%emt 00:01:26]} Ne6 {[%clk 01:07:23]} {[%emt 00:00:22]} 28. Rd7
{[%clk 01:05:11]} {[%emt 00:00:34]} Rd8 {[%clk 01:07:48]} {[%emt 00:00:07]} 29.
Bxe6 {[%clk 01:05:21]} {[%emt 00:00:19]} Rxd7 {[%clk 01:06:36]} {[%emt
00:01:42]} 30. Bxd7 {[%clk 01:05:42]} {[%emt 00:00:09]} Kf8 {[%clk 01:07:01]}
{[%emt 00:00:05]} 31. Kf1 {[%clk 01:05:28]} {[%emt 00:00:43]} Ke7 {[%clk
01:07:27]} {[%emt 00:00:05]} 32. Ba4 {[%clk 01:04:22]} {[%emt 00:01:34]} Kd6
{[%clk 01:07:50]} {[%emt 00:00:10]} 33. Ke2 {[%clk 01:03:51]} {[%emt 00:01:01]}
Kd5 {[%clk 01:08:12]} {[%emt 00:00:07]} 34. Kd3 {[%clk 01:02:35]} {[%emt
00:01:45]} f6 {[%clk 01:07:47]} {[%emt 00:00:55]} 35. f4 {[%clk 00:54:12]}
{[%emt 00:08:53]} h6 {[%clk 01:05:17]} {[%emt 00:03:01]} 36. g4 {[%clk
00:49:41]} {[%emt 00:05:00]} g5 {[%clk 01:05:17]} {[%emt 00:00:31]} 37. Bb3+
{[%clk 00:37:21]} {[%emt 00:12:50]} Kc5 {[%clk 00:51:33]} {[%emt 00:14:14]} 38.
fxg5 {[%clk 00:37:34]} {[%emt 00:00:17]} fxg5 {[%clk 00:51:51]} {[%emt
00:00:12]} 39. Ke4 {[%clk 00:18:59]} {[%emt 00:19:05]} Kb4 {[%clk 00:51:52]}
{[%emt 00:00:29]} 40. Kf5 {[%clk 00:18:16]} {[%emt 00:01:13]} Ka3 {[%clk
00:52:14]} {[%emt 00:00:09]} 41. Kg6 {[%clk 00:17:44]} {[%emt 00:01:02]} a5
{[%clk 00:52:38]} {[%emt 00:00:06]} 42. Kxh6 {[%clk 00:17:45]} {[%emt
00:00:28]} a4 {[%clk 00:53:03]} {[%emt 00:00:05]} 43. Kxg5 {[%clk 00:13:27]}
{[%emt 00:04:47]} axb3 {[%clk 00:52:13]} {[%emt 00:01:20]} 44. axb3 {[%clk
00:13:16]} {[%emt 00:00:42]} Kxb3 {[%clk 00:52:37]} {[%emt 00:00:06]} 45. Kf5
{[%clk 00:12:27]} {[%emt 00:01:18]} c5 {[%clk 00:49:58]} {[%emt 00:03:10]} 46.
g5 {[%clk 00:12:26]} {[%emt 00:00:30]} c4 {[%clk 00:50:28]} 47. g6 {[%clk
00:12:35]} {[%emt 00:00:21]} c3 {[%clk 00:50:57]} {[%emt 00:00:01]} 48. g7
{[%clk 00:12:56]} {[%emt 00:00:09]} c2 {[%clk 00:51:20]} {[%emt 00:00:07]} 49.
g8=Q+ {[%clk 00:13:20]} {[%emt 00:00:05]} Kc3 {[%clk 00:51:42]} {[%emt
00:00:08]} 50. Qc8+ {[%clk 00:13:28]} {[%emt 00:00:22]} 1-0

[Event "ODJM C 2023"]
[Site "Willingen GER"]
[Date "2023.05.29"]
[Round "3"]
[White "Classen, Miguel"]
[Black "Böker, Maximilian"]
[Result "0-1"]
[Termination "normal"]
[Board "14"]
[WhiteElo "1200"]
[BlackElo "969"]
[WhiteClock "00:59:50"]
[BlackClock "00:29:42"]
[PlyCount "84"]
[WhiteFideId "34623825"]
[BlackFideId "34623868"]
[EventCountry "GER"]
[EventRounds "9"]
[EventType "swiss"]
[EventDate "2023.05.27"]

1. e4 {[%clk 01:30:59]} c5 {[%clk 01:30:53]} {[%emt 00:00:07]} 2. Nf3 {[%clk
01:31:26]} {[%emt 00:00:05]} d6 {[%clk 01:31:16]} {[%emt 00:00:06]} 3. d4
{[%clk 01:31:53]} {[%emt 00:00:03]} cxd4 {[%clk 01:31:34]} {[%emt 00:00:12]} 4.
Nxd4 {[%clk 01:32:16]} {[%emt 00:00:07]} Nf6 {[%clk 01:31:55]} {[%emt
00:00:09]} 5. Nc3 {[%clk 01:32:38]} {[%emt 00:00:09]} a6 {[%clk 01:32:15]}
{[%emt 00:00:09]} 6. Bg5 {[%clk 01:32:56]} {[%emt 00:00:13]} e6 {[%clk
01:32:34]} {[%emt 00:00:11]} 7. f4 {[%clk 01:33:08]} {[%emt 00:00:17]} Be7
{[%clk 01:29:54]} {[%emt 00:03:10]} 8. Qf3 {[%clk 01:33:23]} {[%emt 00:00:16]}
Qc7 {[%clk 01:28:44]} {[%emt 00:01:40]} 9. O-O-O {[%clk 01:33:26]} {[%emt
00:00:27]} Nc6 {[%clk 01:28:22]} {[%emt 00:00:52]} 10. Nb3 {[%clk 01:32:33]}
{[%emt 00:01:23]} b5 {[%clk 01:20:32]} {[%emt 00:08:20]} 11. Bd3 {[%clk
01:28:05]} {[%emt 00:04:57]} h6 {[%clk 01:17:41]} {[%emt 00:03:21]} 12. Bh4
{[%clk 01:28:24]} {[%emt 00:00:11]} e5 {[%clk 01:16:17]} {[%emt 00:01:55]} 13.
Bxf6 {[%clk 01:26:19]} {[%emt 00:02:35]} Bxf6 {[%clk 01:16:22]} {[%emt
00:00:25]} 14. f5 {[%clk 01:26:35]} {[%emt 00:00:14]} Nb4 {[%clk 01:12:06]}
{[%emt 00:04:46]} 15. a3 {[%clk 01:25:56]} {[%emt 00:01:10]} Nxd3+ {[%clk
01:11:45]} {[%emt 00:00:50]} 16. Qxd3 {[%clk 01:25:54]} {[%emt 00:00:32]} Be7
{[%clk 01:03:38]} {[%emt 00:08:37]} 17. Nd5 {[%clk 01:25:15]} {[%emt 00:01:08]}
Bg5+ {[%clk 01:03:45]} {[%emt 00:00:23]} 18. Kb1 {[%clk 01:25:21]} {[%emt
00:00:25]} Qd8 {[%clk 01:00:48]} {[%emt 00:03:27]} 19. Qc3 {[%clk 01:24:28]}
{[%emt 00:01:23]} O-O {[%clk 00:55:40]} {[%emt 00:05:38]} 20. Na5 {[%clk
01:20:06]} {[%emt 00:04:52]} Bd7 {[%clk 00:50:16]} {[%emt 00:05:53]} 21. Nb7
{[%clk 01:10:55]} {[%emt 00:09:41]} Qb8 {[%clk 00:47:40]} {[%emt 00:03:04]} 22.
Na5 {[%clk 01:09:59]} {[%emt 00:01:28]} Rc8 {[%clk 00:44:51]} {[%emt 00:03:19]}
23. Qf3 {[%clk 01:07:54]} {[%emt 00:02:36]} Bc6 {[%clk 00:40:44]} {[%emt
00:04:37]} 24. Nxc6 {[%clk 01:07:08]} {[%emt 00:01:16]} Rxc6 {[%clk 00:41:05]}
{[%emt 00:00:09]} 25. h4 {[%clk 01:07:22]} {[%emt 00:00:15]} Bd8 {[%clk
00:40:28]} {[%emt 00:00:57]} 26. g4 {[%clk 01:06:51]} {[%emt 00:01:11]} f6
{[%clk 00:40:03]} {[%emt 00:00:55]} 27. Qd3 {[%clk 01:06:49]} {[%emt 00:00:33]}
a5 {[%clk 00:38:02]} {[%emt 00:02:31]} 28. Ne7+ {[%clk 01:06:06]} {[%emt
00:01:14]} Bxe7 {[%clk 00:36:05]} {[%emt 00:02:26]} 29. Qd5+ {[%clk 01:06:09]}
{[%emt 00:00:29]} Kh7 {[%clk 00:35:26]} {[%emt 00:00:58]} 30. Qxc6 {[%clk
01:06:05]} {[%emt 00:00:44]} b4 {[%clk 00:35:12]} {[%emt 00:00:44]} 31. a4
{[%clk 01:05:47]} {[%emt 00:00:49]} b3 {[%clk 00:35:17]} {[%emt 00:00:24]} 32.
Qb5 {[%clk 01:04:53]} {[%emt 00:01:24]} bxc2+ {[%clk 00:33:30]} {[%emt
00:02:17]} 33. Kxc2 {[%clk 01:03:56]} {[%emt 00:01:28]} Qc7+ {[%clk 00:33:41]}
{[%emt 00:00:20]} 34. Kb1 {[%clk 01:04:12]} {[%emt 00:00:14]} Rb8 {[%clk
00:33:31]} {[%emt 00:00:40]} 35. Qe2 {[%clk 01:04:21]} {[%emt 00:00:21]} Qc6
{[%clk 00:33:19]} {[%emt 00:00:40]} 36. Qc2 {[%clk 01:04:31]} {[%emt 00:00:22]}
Qa8 {[%clk 00:32:58]} {[%emt 00:00:46]} 37. Rc1 {[%clk 01:04:06]} {[%emt
00:00:59]} d5 {[%clk 00:33:03]} {[%emt 00:00:25]} 38. exd5 {[%clk 01:04:00]}
{[%emt 00:00:37]} Ba3 {[%clk 00:32:30]} {[%emt 00:01:02]} 39. Qc6 {[%clk
01:03:10]} {[%emt 00:01:20]} Rxb2+ {[%clk 00:30:24]} {[%emt 00:02:36]} 40. Ka1
{[%clk 01:02:33]} {[%emt 00:01:08]} Qb8 {[%clk 00:30:12]} {[%emt 00:00:41]} 41.
Rb1 {[%clk 01:02:26]} {[%emt 00:00:36]} Qb3 {[%clk 00:29:50]} {[%emt 00:00:51]}
42. Rxb2 {[%clk 00:59:50]} {[%emt 00:03:08]} Qxb2# {[%clk 00:29:42]} {[%emt
00:00:07]} 0-1

[Event "ODJM C 2023"]
[Site "Willingen GER"]
[Date "2023.05.29"]
[Round "3"]
[White "Winkler, Frida"]
[Black "Anh, David"]
[Result "1-0"]
[Termination "normal"]
[Board "16"]
[WhiteElo "1280"]
[BlackElo "1041"]
[WhiteClock "00:47:35"]
[BlackClock "01:12:16"]
[PlyCount "63"]
[WhiteFideId "34622322"]
[BlackFideId "34639500"]
[EventCountry "GER"]
[EventRounds "9"]
[EventType "swiss"]
[EventDate "2023.05.27"]

1. e4 {[%clk 01:30:58]} c5 {[%clk 01:30:54]} {[%emt 00:00:06]} 2. Nf3 {[%clk
01:31:19]} {[%emt 00:00:09]} a6 {[%clk 01:31:19]} {[%emt 00:00:06]} 3. d4
{[%clk 01:31:19]} {[%emt 00:00:30]} cxd4 {[%clk 01:31:43]} {[%emt 00:00:06]} 4.
Nxd4 {[%clk 01:31:39]} {[%emt 00:00:09]} Nf6 {[%clk 01:32:06]} {[%emt
00:00:07]} 5. Nc3 {[%clk 01:30:56]} {[%emt 00:01:14]} e5 {[%clk 01:32:24]}
{[%emt 00:00:12]} 6. Nb3 {[%clk 01:29:12]} {[%emt 00:02:13]} Bb4 {[%clk
01:32:17]} {[%emt 00:00:37]} 7. f3 {[%clk 01:25:22]} {[%emt 00:04:20]} O-O
{[%clk 01:32:21]} {[%emt 00:00:26]} 8. Bd2 {[%clk 01:25:15]} {[%emt 00:00:37]}
Nc6 {[%clk 01:31:12]} {[%emt 00:01:40]} 9. Bd3 {[%clk 01:19:36]} {[%emt
00:06:08]} d6 {[%clk 01:27:23]} {[%emt 00:04:20]} 10. Qe2 {[%clk 01:18:22]}
{[%emt 00:01:42]} Nd4 {[%clk 01:25:21]} {[%emt 00:02:33]} 11. Nxd4 {[%clk
01:15:36]} {[%emt 00:03:17]} exd4 {[%clk 01:25:37]} {[%emt 00:00:14]} 12. Nd1
{[%clk 01:12:00]} {[%emt 00:04:06]} Bc5 {[%clk 01:24:52]} {[%emt 00:01:14]} 13.
Nf2 {[%clk 01:09:22]} {[%emt 00:03:08]} Re8 {[%clk 01:23:30]} {[%emt 00:01:52]}
14. O-O {[%clk 01:07:30]} {[%emt 00:02:21]} d5 {[%clk 01:21:01]} {[%emt
00:02:59]} 15. Bg5 {[%clk 00:58:05]} {[%emt 00:09:54]} h6 {[%clk 01:20:02]}
{[%emt 00:01:30]} 16. Bh4 {[%clk 00:57:29]} {[%emt 00:01:05]} Qb6 {[%clk
01:16:10]} {[%emt 00:04:23]} 17. Bxf6 {[%clk 00:56:20]} {[%emt 00:01:38]} Qxf6
{[%clk 01:16:20]} {[%emt 00:00:20]} 18. Qd2 {[%clk 00:56:10]} {[%emt 00:00:37]}
Qd6 {[%clk 01:15:06]} {[%emt 00:01:47]} 19. exd5 {[%clk 00:53:25]} {[%emt
00:03:15]} Qxd5 {[%clk 01:15:23]} {[%emt 00:00:13]} 20. c3 {[%clk 00:52:59]}
{[%emt 00:00:57]} dxc3 {[%clk 01:14:52]} {[%emt 00:01:00]} 21. Bh7+ {[%clk
00:53:14]} {[%emt 00:00:15]} Kxh7 {[%clk 01:13:59]} {[%emt 00:01:23]} 22. Qxd5
{[%clk 00:53:33]} {[%emt 00:00:11]} cxb2 {[%clk 01:12:59]} {[%emt 00:01:30]}
23. Rab1 {[%clk 00:52:53]} {[%emt 00:01:10]} Ba3 {[%clk 01:12:56]} {[%emt
00:00:33]} 24. Qd3+ {[%clk 00:52:57]} {[%emt 00:00:26]} Bf5 {[%clk 01:11:08]}
{[%emt 00:02:18]} 25. Qxf5+ {[%clk 00:52:36]} {[%emt 00:00:51]} Kg8 {[%clk
01:11:30]} {[%emt 00:00:07]} 26. Qd3 {[%clk 00:52:34]} {[%emt 00:00:29]} Bc5
{[%clk 01:11:16]} {[%emt 00:00:46]} 27. Rxb2 {[%clk 00:51:57]} {[%emt
00:01:08]} Rad8 {[%clk 01:11:39]} {[%emt 00:00:07]} 28. Qf5 {[%clk 00:51:02]}
{[%emt 00:01:23]} Bd4 {[%clk 01:11:41]} {[%emt 00:00:30]} 29. Rxb7 {[%clk
00:48:25]} {[%emt 00:03:07]} Bxf2+ {[%clk 01:11:50]} {[%emt 00:00:21]} 30. Kxf2
{[%clk 00:48:12]} {[%emt 00:00:43]} Rf8 {[%clk 01:11:53]} {[%emt 00:00:27]} 31.
Re1 {[%clk 00:47:28]} {[%emt 00:01:14]} f6 {[%clk 01:12:16]} {[%emt 00:00:07]}
32. Qg6 {[%clk 00:47:35]} {[%emt 00:00:21]} 1-0